000 00716 a2200193 4500
020 _a0750306246
020 _a9780750306249
082 0 4 _a523.1125
090 _c481
_d481
100 1 _aWhittet, D.C.B.
245 1 0 _aDust in the galactic environment /
_cD.C.B Whittet.
250 _a2nd ed.
260 _a[S.l.] :
_bInstitute of Physics Publishing, Bristol & Philadelphia
_c2003.
300 _a390 p. ;
_c24 cm.
490 1 _a2nd edition (series in astronomy and astrophysics).
830 0 _a2nd edition (series in astronomy and astrophysics).
942 _aSNS
_cBK
_k523.1125 WHI
999 _c29112
_d29112